| 000 | 01010cam a2200289 a 4500 | ||
|---|---|---|---|
| 001 | 16285 | ||
| 003 | GBCCL | ||
| 005 | 20241126110431.0 | ||
| 008 | 710615c19711915nyu 001 0 eng | ||
| 010 | _a 71024981 //r892 | ||
| 020 | _a0688313744 | ||
| 035 | _a(OCoLC)00143932 | ||
| 040 |
_aDLC _cDLC _dOCL _dm.c. _dLBB |
||
| 049 | _aLBBK | ||
| 050 | 0 |
_aJF515 _b.R65 1971 |
|
| 082 |
_a328.1 _bROB |
||
| 092 | 0 |
_a328.1 _bR639r, 1971 _220 |
|
| 100 | 1 |
_aRobert, Henry M. _q(Henry Martyn), _d1837-1923. _95324 |
|
| 240 | 1 | 0 | _aPocket manual of rules of order |
| 245 | 1 | 0 |
_aRobert's rules of order _brevised / _cby Henry M. Robert ; with a new foreword by Henry M. Robert, III. |
| 260 |
_aNew York : _bWilliam Morrow, _c1971, c1915. |
||
| 300 |
_avii, 323 p. ; _c21 cm. |
||
| 500 | _aFirst published, 1876, under title: Pocket manual of rules of order for deliberative assemblies. | ||
| 505 | 0 | _aRules of order.--Organization and conduct of business. | |
| 650 | 0 |
_aParliamentary practice. _95325 |
|
| 942 |
_2ddc _cBK |
||
| 999 |
_c2552 _d2552 |
||